| 000 | 02329nam a2200217 a 4500 | ||
|---|---|---|---|
| 001 | 000000417 | ||
| 003 | DO-SdBNP | ||
| 005 | 20250527113225.0 | ||
| 008 | 081112s2007 dr a a 000 0 spa d | ||
| 040 |
_aDO-SdBNP _bspa _cBNPHU |
||
| 082 |
_a658.11 _bL473m |
||
| 100 | 1 |
_aLedesma Ureña, Arístides _91393 |
|
| 245 | 1 | 0 |
_aMultinivel : _bguía práctica para la construcción de redes / _cArístides Ledesma Ureña. |
| 260 |
_aSanto Domingo : _fJR Grafic, _c2007. |
||
| 300 |
_a138 p. : _bil. ; _c22 cm. |
||
| 505 | 1 | _aPrefacio -- Enfoque general -- Historia del negocio de multinivel -- La gran alternativa -- Agenda laboral -- Decisiones -- Haga una lista de candidatos y mantengala actualizada -- Los centros de influencia -- Eleentos de la entrevista y de la contactación -- ¿A quienes me dirijo para integrarlos en mi negocio? -- El plan de negocio -- Pasos a seguir al momento de la presentación del plan de negocio -- Mis primeras presentaciones del plan de negocio -- Miedo escénico -- Técnicas para dominar las emociones en el escenario -- El vendedor -- Normas básicas para el vendedor -- ¿por qué el negocio de multinivel genera tantos beneficios? -- El multinivelista -- Razones para confiar -- ¿Porqué este negocio como carrera profesional? -- Negocio y amistad -- Ejemplo de familiaridad -- Compresión -- Decisión y disciplina -- Integración total -- Metamorfosis -- El guión conductual -- La honestidad y la confianza -- Maquinaria para avanzar -- Técnicas para el crecimiento de grupos -- Las metas en el negocio de multinivel -- El pensamiento -- Los elementos de base del pensamiento -- Valor intrínseco del tiempo -- Al compás del reloj -- Libertad financiera -- Perseverancia -- No permitas que nadie quebrante tu espíritu -- Decisión -- El entusiasmo -- Factores y elementos favorables al entusiasmo -- Actitud y positivismo -- El premio -- Los caza fortunas -- El recuerdo -- El factor multiplicativo en el negocio de multinivel -- Causas y efectos de la duplicación -- Conexión -- Renovación -- Miembro activo -- ¿Se deben edificar a los líderes de las líneas descendentes -- Frases y reflexiones del autor -- Definiendo términos. | |
| 590 | _aInventariado, 2018/ YL | ||
| 590 | _aLibro autografiado por el autor | ||
| 650 | 0 |
_aAdministración industrial _95872 |
|
| 942 |
_2ddc _cLBS1 |
||
| 999 |
_c415 _d415 |
||